Mythologie Grecque : Quiz sur Artémis - Statistiques

Statistiques générales
  • Ce quiz a été pris 217 fois
  • Le résultat moyen est 9 sur 13
Statistiques - réponses
Question Réponse % Correct
Son frère jumeau : Apollon
98%
Qui est le père d'Artémis ? Zeus
98%
De quoi est-elle la déesse ? (principalement) La Chasse
97%
Attribut(s),objet(s) caractéristique(s) : Arc / Carquois
87%
Son équivalent dans la mythologie romaine : Diane
87%
Quelle est sa fonction secondaire qu'elle occupe aux côtés de Séléné (Déesse de la....) Lune
85%
Animal souvent associé à Artémis : Biche
80%
Qui est sa mère ? Léto
80%
Autrefois existait le Temple d'Artémis : Dans quel pays actuel se situe ses ruines ? Turquie
60%
Signe astrologique relié : Cancer
40%
Surpris par cet orgueilleux chasseur,pendant sa toilette,Artémis le transforma et il fut dévoré par ses chiens qui ne le reconnurent pas. Actéon
24%
Teint de couleur attribuée à Artémis : Argenté
17%
Arbre,végétal... associé à Artémis : Cyprès
10%
Aucun quiz correspondant
Distribution des résultats
% des personnes avec chaque résultat
Percentile par nombre de réponses
Votre historique - résultats
Vous n’avez pas pris ce quiz